[Event "CZE-ch I/176 corr"]
[Site "Czechia"]
[Date "2004.??.??"]
[Round "?"]
[White "Fejfar, Vlastimil"]
[Black "Mikolas, Jan"]
[Result "1/2-1/2"]
[WhiteElo "2020"]
[BlackElo "1935"]
[PlyCount "96"]
[EventDate "2003.??.??"]
[EventType "tourn (corr)"]
[EventRounds "12"]
[EventCountry "CZE"]
[SourceTitle "Corr 2006"]
[Source "ChessBase"]
[SourceDate "2006.04.01"]
[SourceVersion "3"]
[SourceVersionDate "2006.04.01"]
[SourceQuality "1"]

1. e4 e6 2. d4 d5 3. Nd2 c5 4. exd5 Qxd5 5. Ngf3 cxd4 6. Bc4 Qd6 7. 0-0 Nf6 8. Nb3 Nc6 9. Nbxd4 Nxd4 10. Nxd4 Be7 11. Be3 0-0 12. Qe2 Nd5 13. Nb5 Qe5 14. Bxa7 Qxe2 15. Bxe2 Bd7 16. Bd4 Nf4 17. Nc3 Bc6 18. f3 Rfd8 19. Be3 Nxe2+ 20. Nxe2 Bd5 21. Bb6 Rdc8 22. Nc3 Bc6 23. Rfd1 Bf6 24. Bd4 e5 25. Be3 e4 26. Bd4 Bxd4+ 27. Rxd4 exf3 28. gxf3 Bxf3 29. Kf2 Bc6 30. Rad1 f5 31. a3 g5 32. Rd6 Kf7 33. Rh6 Kg7 34. Rdd6 Rd8 35. Ne2 Rxd6 36. Rxd6 Be4 37. c4 Ra4 38. c5 Rc4 39. Ng3 Rc2+ 40. Ke3 Rxb2 41. Nxe4 fxe4 42. Kxe4 Rxh2 43. Rd7+ Kg6 44. Rxb7 Rc2 45. Rb6+ Kh5 46. c6 g4 47. Kd5 g3 48. Kd6 g2 1/2-1/2

[Event "CZE-ch I/176 corr"]
[Site "Czechia"]
[Date "2004.??.??"]
[Round "?"]
[White "Mikolas, Jan"]
[Black "Fejfar, Vlastimil"]
[Result "1/2-1/2"]
[WhiteElo "1935"]
[BlackElo "2020"]
[PlyCount "85"]
[EventDate "2003.??.??"]
[EventType "tourn (corr)"]
[EventRounds "12"]
[EventCountry "CZE"]
[SourceTitle "Corr 2006"]
[Source "ChessBase"]
[SourceDate "2006.04.01"]
[SourceVersion "3"]
[SourceVersionDate "2006.04.01"]
[SourceQuality "1"]

1. e4 e5 2. Nf3 Nc6 3. Bc4 Nf6 4. Ng5 Bc5 5. Bxf7+ Ke7 6. Bd5 Rf8 7. Nf3 d6 8. c3 Qe8 9. Bxc6 Qxc6 10. d3 d5 11. 0-0 dxe4 12. Nxe5 Qe6 13. d4 Bd6 14. b3 b6 15. Bf4 Bb7 16. Nd2 Qf5 17. Bg3 Nd5 18. Rc1 g5 19. Re1 Nf4 20. Ndc4 h5 21. f3 exf3 22. Nxf3+ Kd8 23. Nxd6 cxd6 24. Bxf4 Qxf4 25. Qe2 Bxf3 26. gxf3 Rb8 27. Qe7+ Kc8 28. Qxa7 g4 29. Rc2 g3 30. Qe7 Rb7 31. Qe6+ Rd7 32. Re3 gxh2+ 33. Rxh2 Rf5 34. Kh1 Re5 35. Rxe5 Qxf3+ 36. Rg2 dxe5 37. dxe5 Qf1+ 38. Kh2 Qf4+ 39. Kg1 Qc1+ 40. Kf2 Qd2+ 41. Kf3 Qd3+ 42. Kf2 Qd2+ 43. Kf3 1/2-1/2

[Event "CZE-ch I/176 corr"]
[Site "Czechia"]
[Date "2004.??.??"]
[Round "?"]
[White "Mikolas, Jan"]
[Black "Vacek, Frantisek"]
[Result "0-1"]
[WhiteElo "1935"]
[BlackElo "1800"]
[PlyCount "72"]
[EventDate "2003.??.??"]
[EventType "tourn (corr)"]
[EventRounds "12"]
[EventCountry "CZE"]
[SourceTitle "Corr 2006"]
[Source "ChessBase"]
[SourceDate "2006.04.01"]
[SourceVersion "3"]
[SourceVersionDate "2006.04.01"]
[SourceQuality "1"]

1. d4 d5 2. c4 e6 3. Nc3 Nf6 4. Bg5 c6 5. e3 Nbd7 6. Nf3 h6 7. Bh4 Qa5 8. Bd3 dxc4 9. Bxc4 Nb6 10. Bb3 Ne4 11. Rc1 Nd5 12. Qd3 Nexc3 13. bxc3 Ba3 14. Rc2 0-0 15. Ne5 Qb5 16. Qxb5 cxb5 17. 0-0 f6 18. Ng6 Re8 19. e4 Nb6 20. Bg3 Bd7 21. Nf4 Rac8 22. d5 e5 23. Ne2 Nc4 24. Re1 a5 25. f3 Nd6 26. Rd2 a4 27. Bd1 Nc4 28. Rd3 b4 29. Bc2 Nb2 30. Re3 bxc3 31. Bf2 Bc5 32. Rxc3 Bb4 33. Rxc8 Rxc8 34. Bb1 Bd2 35. a3 Bb5 36. Kf1 Rc3 0-1

[Event "CZE-ch I/176 corr"]
[Site "Czechia"]
[Date "2004.??.??"]
[Round "?"]
[White "Savel, Jaroslav"]
[Black "Mikolas, Jan"]
[Result "0-1"]
[WhiteElo "1945"]
[BlackElo "1935"]
[PlyCount "80"]
[EventDate "2003.??.??"]
[EventType "tourn (corr)"]
[EventRounds "12"]
[EventCountry "CZE"]
[SourceTitle "Corr 2006"]
[Source "ChessBase"]
[SourceDate "2006.04.01"]
[SourceVersion "3"]
[SourceVersionDate "2006.04.01"]
[SourceQuality "1"]

1. e4 e6 2. d4 d5 3. e5 c5 4. c3 Nc6 5. Nf3 Qb6 6. Be2 cxd4 7. cxd4 Nge7 8. Nc3 Nf5 9. Bb5 Bb4 10. Bxc6+ bxc6 11. 0-0 0-0 12. Na4 Qc7 13. Nc3 Ba6 14. Re1 c5 15. Bd2 Rab8 16. Qa4 Qa5 17. dxc5 Bxc3 18. Qxa5 Bxa5 19. Bxa5 Rxb2 20. Bc3 Rb5 21. a3 Ne7 22. Bd4 Nc6 23. Be3 Rb2 24. Bd4 Rc2 25. Re3 Be2 26. Bc3 Bxf3 27. Rxf3 d4 28. Be1 Rd8 29. Rb3 d3 30. Rc3 Rb2 31. Rd1 d2 32. Rxd2 Rdxd2 33. Bxd2 Rxd2 34. f4 Ra2 35. g3 g5 36. fxg5 Kg7 37. h4 Kg6 38. Kf1 a5 39. Ke1 Kh5 40. Kd1 Kg4 0-1

[Event "CZE-ch I/176 corr"]
[Site "Czechia"]
[Date "2004.??.??"]
[Round "?"]
[White "Vacek, Frantisek"]
[Black "Mikolas, Jan"]
[Result "1-0"]
[WhiteElo "1800"]
[BlackElo "1935"]
[PlyCount "75"]
[EventDate "2003.??.??"]
[EventType "tourn (corr)"]
[EventRounds "12"]
[EventCountry "CZE"]
[SourceTitle "Corr 2006"]
[Source "ChessBase"]
[SourceDate "2006.04.01"]
[SourceVersion "3"]
[SourceVersionDate "2006.04.01"]
[SourceQuality "1"]

1. e4 e5 2. Nf3 Nc6 3. Bb5 a6 4. Ba4 Nf6 5. 0-0 Nxe4 6. Re1 Nd6 7. Nxe5 Be7 8. d4 0-0 9. Nc3 b5 10. Bb3 Nxe5 11. dxe5 Nb7 12. Qf3 Rb8 13. Nd5 Nc5 14. Be3 Ne6 15. Rad1 a5 16. Nxe7+ Qxe7 17. Bd5 c6 18. Be4 Ng5 19. Bxg5 Qxg5 20. Qa3 f5 21. Bf3 a4 22. Qd6 Rb7 23. c4 Qg6 24. Qxg6 hxg6 25. Be2 b4 26. c5 Re8 27. Rd4 Rb8 28. f4 Kf8 29. Bd3 b3 30. Rxa4 bxa2 31. Rxa2 Rb4 32. g3 Bb7 33. Kf2 Ke7 34. Ke3 Rb8 35. Re2 Ke6 36. Rc2 Rb3 37. Kd2 Ke7 38. Bc4 1-0

[Event "CZE-ch I/176 corr"]
[Site "Czechia"]
[Date "2003.??.??"]
[Round "?"]
[White "Mikolas, Jan"]
[Black "Peroutik, Jiri"]
[Result "1/2-1/2"]
[WhiteElo "1935"]
[BlackElo "1925"]
[PlyCount "39"]
[EventDate "2003.??.??"]
[EventType "tourn (corr)"]
[EventRounds "12"]
[EventCountry "CZE"]
[SourceTitle "Corr 2006"]
[Source "ChessBase"]
[SourceDate "2006.04.01"]
[SourceVersion "3"]
[SourceVersionDate "2006.04.01"]
[SourceQuality "1"]

1. e4 e6 2. d4 d5 3. Nc3 Nf6 4. Bg5 Be7 5. e5 Nfd7 6. h4 Bxg5 7. hxg5 Qxg5 8. Nh3 Qe7 9. Qg4 f5 10. Qh5+ Qf7 11. Qxf7+ Kxf7 12. Ng5+ Ke7 13. Nb5 Na6 14. Rxh7 Rxh7 15. Nxh7 Nf8 16. Ng5 Bd7 17. 0-0-0 Ng6 18. g3 c5 19. f4 Bxb5 20. Bxb5 1/2-1/2